000 00686nam a2200253Ia 4500
003 OSt
005 20221002051130.0
006 a|||||r|||| 00| 0
007 ta
008 220930b |||||||| |||| 00| 0 eng d
024 _a22437
037 _cReference Collections
040 _aCRL
_cCRL
_beng
041 _2eng
_aeng
082 _aQ8441k, M5(RR)
100 _aSingh H S
_992927
245 0 _aJunior encyclopedia of sikhism
260 _aNew Delhi
_bVikas
_c1985
300 _a181p
_ccm.
650 _a ENCYCLOPEDIAS AND DICTIONARIES
_977
650 _aRELIGION
942 _hQ8441k, M5(RR)
_cref
_2CC
999 _c916071
_d916071